00361nam a2200121Ia 4500008004100000082002100041100001500062245002800077260003200105300000900137630003900146650005400185211118s9999||||xx |||||||||||||| ||und|| a894.81209bAPP-V aAppan, K P 0aVYAKTHIYUM VIMARHSKANUM bImprint BooksaKollamc1994 a206p xMalayalam DescriptionGeneral Stack aMalayalam LiteraturevLiterary CriticismMalayalam